All County Seats in Arizona - Statistics

General Stats
  • This quiz has been taken 24 times
  • The average score is 10 of 15
Answer Stats
County County Seat % Correct
Coconino Flagstaff
95%
Maricopa Phoenix
95%
Pima Tucson
95%
Yuma Yuma
95%
Santa Cruz Nogales
74%
Yavapai Prescott
74%
Cochise Bisbee
68%
Gila Globe
63%
Mohave Kingman
58%
Graham Safford
58%
Apache St. Johns
58%
La Paz Parker
53%
Greenlee Clifton
47%
Pinal Florence
47%
Navajo Holbrook
47%
No matching quizzes found
Score Distribution
Percent of People with Each Score
Percentile by Number Answered
Your Score History
You have not taken this quiz